| 000 | 01096nam a2200157Ia 4500 | ||
|---|---|---|---|
| 001 | 11535 | ||
| 003 | GE_BSU | ||
| 008 | 181216s||||||||xx |||||||||||||| ||und|| | ||
| 040 | _cGE_BSU | ||
| 080 | _a091(=35.1) | ||
| 245 | _aსაქართველოს სახელმწიფო მუზეუმის ქართულ ხელნაწერთა აღწერილობა. | ||
| 245 | _bსაქართველოს საისტორიო და საეთნოგრაფიო საზოგადოების ყოფილი მუზეუმის ხელნაწერები(H კოლექცია). ტ. II. | ||
| 245 | _cშედგენილია და დასაბეჭდად დამზადებულია ლილი ქუთათელაძის მიერ.ილის აბულაძის რედ. | ||
| 653 | _aსაქართველოს სახელმწიფო მუზეუმის ქართულ ხელნაწერთა არწერილობა. | ||
| 942 | _cBK | ||
| 999 |
_c44730 _d44730 |
||